000 00637nam a22001695i 4500
001 171887
003 ES-MaACL
005 20251116063112.0
008 090605s1909 sp |||| | spa d
100 1 _aMedina García, Alfonso
_9140513
245 1 0 _aQuimismo de la digestión estomacal
_b: memoria presentada para aspirar al grado de Doctor en Medicina /
_cAlfonso Medina.
260 _aMadrid :
_b[Casa Vidal],
_c1909.
300 _a47 p. ;
_c25 cm.
594 _aPrecede al tít.: Universidad Central. Facultad de Medicina. Curso académico de 1908 á 1909.
852 _aES-MaACL
_jT-1364-F-14
999 _c171887
_d171887